Städte mit R - Statistiken

Allgemein
  • Dieses Quiz wurde 67 mal gespielt
  • Das Durchschnittsergebnis liegt bei 7 aus 16
Antwortstatistiken
Bildquiz Antwort % Korrekt
Rom
100%
Rio de Janeiro
88%
Riga
70%
Riad
68%
Regensburg
65%
Rotterdam
63%
Reykjavik
35%
Rothenburg ob der Tauber
35%
Rabat
32%
Reims
25%
Rimini
25%
Rangun
23%
Rennes
23%
Ravenna
16%
Ronda
9%
Rjasan
2%
Keine übereinstimmenden Quizze gefunden
Verteilung der Resultate
Anzahl Personen mit jedem Resultat
Perzentil nach korrekt beantworteten Fragen
Ihre Resultats-Entwicklung
Sie haben dieses Quiz noch nicht gespielt